| 000 | 01148nam2a22002291 4500 | ||
|---|---|---|---|
| 001 | rc\2375764 | ||
| 005 | 20250622235830.0 | ||
| 035 | _a(NLR Aleph) 006481348 | ||
| 090 |
_a6036954 _c6036954 |
||
| 100 | _a20110829d1977 |||y0rusy50 ca | ||
| 101 | 0 | _arus | |
| 102 | _aRU | ||
| 105 | _ay z ||||| | ||
| 200 | 0 | _aТ. 4 | |
| 210 |
_d1977 _aБ. м. |
||
| 333 | _aДСП | ||
| 461 | 0 |
_1001rc\2375763 _12001#$aАтлас турбин ГТД (ТРД и ТВД)$e[Учеб. пособие для курсового и дипломного проектирования]$fПод ред. проф., д. т. н. Скубачевского Г.С. Вып. 4-$gМоск. авиац. ин-т им. С. Орджоникидзе. Кафедра 203$vТ. 4 _97265021 _c[Москва] _d1977 _fПод ред. проф., д. т. н. Скубачевского Г.С. Вып. 4- _nБ. и. _o[Учеб. пособие для курсового и дипломного проектирования] _tАтлас турбин ГТД (ТРД и ТВД) _vТ. 4 |
|
| 801 | 0 |
_aRU _bNLR _gpsbo |
|
| 801 | 1 |
_aRU _bELAR _2rusmarc |
|
| 852 |
_aNLR _j77-50К/1618 |
||
| 942 | _cBOOK | ||
| 980 | _aNB | ||